| 000 | 00388nam a2200109Ia 4500 | ||
|---|---|---|---|
| 008 | 171204s9999 xx 000 0 und d | ||
| 245 | _aInformation Quality: The Potential of Data and Analytics to Generate Knowledge: | ||
| 245 | _cGalit Shmueli and Ron S. Kenett | ||
| 260 | _c2016 | ||
| 650 | _xQuality Process & Assurance in IT | ||
| 856 | _uhttp://down.ebook777.com/052/9781118874448.pdf | ||
| 999 |
_c345965 _d345965 |
||